000
00372nam a2200145Ia 4500
008
231129s1989||||xx |||||||||||||| ||spa||
020
_a
958-9043-68-2
040
_b
spa
082
_a
801.951 G216f
100
_a
Garcia Maffla Jaime
245
0
_a
Fernando Charry Lara
260
_c
1989
264
_a
Procultura
942
_2
ddc
_c
BKS
999
_c
13914
_d
13914